| 000 | 00472nam a2200169Ia 4500 | ||
|---|---|---|---|
| 008 | 230917s9999||||xx |||||||||||||| ||und|| | ||
| 020 | _cUSD99.99 | ||
| 040 |
_e224797 _aMAIN |
||
| 041 | _aEnglish | ||
| 082 | _a810.9 S81M | ||
| 100 | _aStasi, Paul | ||
| 245 | 0 | _aModernism imperialism and the historical sense | |
| 260 |
_aCambridge _bCambridge University Press _c2012 |
||
| 300 | _aix, 188 p. | ||
| 500 | _a1965 09/02/2015 IBS253 12/03/2015 Main Budget | ||
| 942 | _cBK | ||
| 999 |
_c14658 _d14658 |
||